000 00923 a2200193 4500
003 NUST
005 20251124182242.0
040 _cNust
082 _a621.382,NAW
100 _aNawaz, Capt. Qasim (TCC-19/TE-44)
_9131476
245 _aComputer Controlled Tunable Micro strip Patch Antenna /
_cCapt. Qasim Nawaz, Capt. Jaffar Rehman, Capt. Tariq Irshad Goraya and GC Kaleem Ullah
260 _aRawalpindi
_bMCS (NUST)
_cJuly 2011
300 _avii, 61p.;
505 _aIntroduction of Patch antenna and Project Overview (Page-1), Design and implementation of 2.4 GHz Patch (Page-14), Implementation With Shorting Pins (Page-24), Design and Implementation of 1.9 GHz Patch (Page-30), Interfacing of antenna with a Microcontroller Based Circuit (Page-40), Refences (Page-59).
650 _aUG Projects
_998716
651 _aTCC-19 / TE-44
_9131477
700 _aSupervised by Lec Zeeshan Zahid
_9132050
942 _cPR
_2ddc
999 _c188986
_d188986